000 00285nam a2200133Ia 4500
008 200615s9999||||xx |||||||||||||| ||und||
082 _a650
_bMAN-G
100 _aGUPTA,GB
245 0 _aMANAGEMENT
250 _a1ST
260 _aNew Delhi
_bS.CHAND
_c2018
300 _a0
942 _cBK
999 _c27458
_d27458